Nalaganje...

Management of wastelands : problems and prospects Vol- II

Bibliografske podrobnosti
Glavni avtor: Yadav, Hridai Ram
Format: Printed Book
Izdano: New Delhi: Concept Publishing Co, 2013.
Teme:
LEADER 00667nam a22001577a 4500
020 |a 9788180699436 
082 |a 333.73 YAD/ MA.2 
100 |a Yadav, Hridai Ram 
245 |a Management of wastelands :  |b problems and prospects Vol- II   |c edited by Hridai R. Yadav 
260 |a New Delhi:  |b Concept Publishing Co,  |c 2013. 
300 |a xxi, 224 p. 
500 |a Vol I :Identification and distribution Vol II :Problems and prospects Vol III :Reclamation and development 
650 |a Land 
942 |c BK 
999 |c 167758  |d 167758 
952 |0 0  |1 0  |4 0  |6 333_730000000000000_YAD_MA_2  |7 0  |9 171679  |a KAUCOAP  |b KAUCOAP  |d 2014-02-11  |o 333.73 YAD/ MA.2  |p KAU_COAP08973  |r 2014-02-11  |w 2014-02-11  |y BK